00623 2200241 4500001002100000005001700021008004100038035002400079082001200103090002200115100001600137245006500153250001000218260002600228300002700254650002100281850001500302980001300317985000600330999001500336999001500351999001500366YOGYA-0209000003257220090227024709.0 ind  0010-020900000032572 a352.077 a352.077bSuh PlT aSUHARTO A.H aPengelolaan dan pembinaan pemerintah desacoleh Soeharto A.H aCet.2 aJakartabYulinac1987 av, 50 hlmbilusc21 cm aDesa, Pemerintah aYOPDYOG(B) a25-12-06 a3 a06A0017746 a06A0017747 a06A0017748